000 00419pab a2200157 454500
008 180718b2005 xxu||||| |||| 00| 0 eng d
100 _aMadhurendra Kumar
245 _aIndo-Pak relations: conflict to confidence building
260 _c2005
300 _ap.7-11.
362 _aJul
650 _aIndia - Foreign relations - Pakistan
650 _aInternational relations
773 _aThird Concept
909 _a66053
999 _c66053
_d66053